Loading...
| History - American | 0 | 4 | 1 | 0 | 35 | 38 | 68.25 | 0 | 1 | 16.66 | 20.08 |
| Fine Arts - Classical Music | 0 | 3 | 0 | 0 | 30 | 107 | 115.33 | 0 | 1 | 1.65 | 10.91 |
| Science - Biology | 0 | 3 | 0 | 1 | 30 | 107 | 113.00 | 0 | 0 | 0.08 | 5.87 |
| Religion | 0 | 3 | 0 | 1 | 30 | 98 | 108.67 | 0 | 0 | 2.32 | 9.42 |
| Fine Arts - Painting and Sculpture | 0 | 3 | 1 | 0 | 25 | 91 | 104.33 | 0 | 1 | 5.50 | 10.08 |
| Current Events | 0 | 2 | 0 | 0 | 20 | 13 | 33.50 | 1 | 1 | 49.33 | 50.00 |
| Other Academic | 0 | 2 | 0 | 0 | 20 | 82 | 97.50 | 0 | 1 | 14.50 | 43.33 |
| Social Science | 0 | 2 | 0 | 0 | 20 | 106 | 111.50 | 0 | 0 | 0.08 | 3.31 |
| History - European | 0 | 2 | 1 | 1 | 15 | 99 | 114.00 | 0 | 0 | 2.13 | 4.55 |
| Literature - American | 0 | 1 | 0 | 0 | 10 | 102 | 102.00 | 0 | 0 | 2.91 | 3.31 |
| Literature - British | 0 | 1 | 0 | 0 | 10 | 138 | 138.00 | 0 | 0 | 0.00 | 0.91 |
| History - World | 0 | 2 | 2 | 0 | 10 | 63 | 78.50 | 0 | 1 | 6.97 | 13.06 |
| Science - Other | 0 | 1 | 0 | 1 | 10 | 106 | 106.00 | 0 | 0 | 0.00 | 0.91 |
| Popular Culture | 0 | 1 | 0 | 1 | 10 | 138 | 138.00 | 0 | 0 | 0.00 | 3.33 |
| Fine Arts - Other | 0 | 1 | 0 | 0 | 10 | 118 | 118.00 | 0 | 0 | 0.00 | 1.65 |
| History - Other | 0 | 1 | 1 | 0 | 5 | 107 | 107.00 | 0 | 0 | 0.85 | 2.73 |
| Mythology | 0 | 0 | 0 | 0 | 0 | 0.00 | 0 | 0 | 0.00 | 0.00 | |
| Literature - World | 0 | 0 | 0 | 0 | 0 | 0.00 | 0 | 0 | 0.00 | 0.00 | |
| Geography | 0 | 0 | 1 | 0 | -5 | 0.00 | 0 | 0 | 0.00 | 0.00 |